<?xml version="1.0" encoding="UTF-8"?>
<record
    xmlns:xsi="http://www.w3.org/2001/XMLSchema-instance"
    xsi:schemaLocation="http://www.loc.gov/MARC21/slim http://www.loc.gov/standards/marcxml/schema/MARC21slim.xsd"
    xmlns="http://www.loc.gov/MARC21/slim">

  <leader>01104nam a22001937a 4500</leader>
  <controlfield tag="003">BR-ViAPE</controlfield>
  <controlfield tag="005">20260602124040.0</controlfield>
  <controlfield tag="008">260602s1895    por    gs|||| 000 0 por d</controlfield>
  <datafield tag="040" ind1=" " ind2=" ">
    <subfield code="c">BR-ViAPE</subfield>
  </datafield>
  <datafield tag="245" ind1=" " ind2=" ">
    <subfield code="a">Bollettino del Ministero degli Affari Esteri: </subfield>
    <subfield code="b">Brasile: lo Stato di Espirito Santo e l'immigrazione italiana: rapporto del Cav. Carlo Nagar, R. console in Victoria</subfield>
  </datafield>
  <datafield tag="246" ind1=" " ind2=" ">
    <subfield code="a">Boletim do Minist&#xE9;rio das Rela&#xE7;&#xF5;es Exteriores: Brasil: </subfield>
    <subfield code="b">Brasil: O Estado do Esp&#xED;rito Santo e a Imigra&#xE7;&#xE3;o Italiana: Relat&#xF3;rio do Cav. Carlo Nagar, C&#xF4;nsul Real em Vit&#xF3;ria</subfield>
  </datafield>
  <datafield tag="260" ind1=" " ind2=" ">
    <subfield code="a">Roma</subfield>
    <subfield code="b">Tip. dell'Unione Cooperativa Editrice</subfield>
    <subfield code="c">1895</subfield>
  </datafield>
  <datafield tag="300" ind1=" " ind2=" ">
    <subfield code="a">67 p.</subfield>
    <subfield code="b">Documento digitalizado (PDF)</subfield>
  </datafield>
  <datafield tag="500" ind1=" " ind2=" ">
    <subfield code="a">Documento digitalizado do acervo institucional do Arquivo P&#xFA;blico do Estado do Esp&#xED;rito Santo - APEES.</subfield>
  </datafield>
  <datafield tag="650" ind1=" " ind2=" ">
    <subfield code="a">Imigra&#xE7;&#xE3;o italiana</subfield>
    <subfield code="z">Esp&#xED;rito Santo (Brasil)</subfield>
  </datafield>
  <datafield tag="651" ind1=" " ind2=" ">
    <subfield code="a">Esp&#xED;rito Santo (Brasil)</subfield>
  </datafield>
  <datafield tag="856" ind1=" " ind2=" ">
    <subfield code="u">https://ape.es.gov.br/Media/ape/PDF/Livros/Livros_Historicos/Obras_raras/seculo_XIX/APEES_OR_bollettino_del_1895.pdf</subfield>
    <subfield code="y">CLIQUE AQUI PARA ACESSAR O DOCUMENTO</subfield>
  </datafield>
  <datafield tag="942" ind1=" " ind2=" ">
    <subfield code="2">ddc</subfield>
    <subfield code="c">OBRAS_RARA</subfield>
    <subfield code="n">1</subfield>
  </datafield>
  <datafield tag="999" ind1=" " ind2=" ">
    <subfield code="c">756</subfield>
    <subfield code="d">756</subfield>
  </datafield>
  <datafield tag="952" ind1=" " ind2=" ">
    <subfield code="0">0</subfield>
    <subfield code="2">ddc</subfield>
    <subfield code="4">0</subfield>
    <subfield code="7">0</subfield>
    <subfield code="a">BIB.APEES</subfield>
    <subfield code="b">BIB.APEES</subfield>
    <subfield code="d">2026-06-02</subfield>
    <subfield code="l">0</subfield>
    <subfield code="r">2026-06-02 12:41:17</subfield>
    <subfield code="w">2026-06-02</subfield>
    <subfield code="y">OBRAS_RARA</subfield>
  </datafield>
</record>
